Central Library OPAC University of Rajshahi

কোচবিহারের ইতিহাস / (Record no. 47432)

MARC details
000 -LEADER
fixed length control field 01005nam a2200241 a 4500
001 - CONTROL NUMBER
control field 47432
003 - CONTROL NUMBER IDENTIFIER
rucl marc code BD-RjUL
005 - DATE AND TIME OF LATEST TRANSACTION
control field 20211209054319.0
008 - FIXED-LENGTH DATA ELEMENTS--GENERAL INFORMATION
fixed length control field 161112s1990 ii ||||| |||| 00| 0 ben d
020 ## - INTERNATIONAL STANDARD BOOK NUMBER
Terms of availability : Tk.200.00
035 ## - SYSTEM CONTROL NUMBER
System control number (BD-RjUL)47551
040 ## - CATALOGING SOURCE
Original cataloging agency BD-RjUL
Language of cataloging ben
Transcribing agency BD-RjUL
Modifying agency BD-RjUL
041 ## - LANGUAGE CODE
Language code of text/sound track or separate title ben
082 ## - DEWEY DECIMAL CLASSIFICATION NUMBER
Edition number 23
Classification number 954.14
Author mark and year KOC 1990
245 00 - TITLE STATEMENT
Title কোচবিহারের ইতিহাস /
Statement of responsibility, etc. খাঁ চৌধুরী আমানতউল্লা আহমদ সংকলিত
260 ## - PUBLICATION, DISTRIBUTION, ETC. (IMPRINT)
Place of publication, distribution, etc. কলিকাতা :
Name of publisher, distributor, etc. মর্ডান বুক এজেন্সী,
Date of publication, distribution, etc. ১৯৯০
300 ## - PHYSICAL DESCRIPTION
Pagination খন্ড. :
Illustrations চিত্র ;
Size ২১ সেমি.
505 ## - FORMATTED CONTENTS NOTE
Formatted contents note খন্ড. ১. --
651 ## - SUBJECT ADDED ENTRY--GEOGRAPHIC NAME
Geographic name পশ্চিমবাংলা (ভারত)
Form subdivision ইতিহাস
9 (RLIN) 163487
Geographic name West Bengal (India)
Form subdivision History
9 (RLIN) 163181
700 ## - ADDED ENTRY--PERSONAL NAME
Personal name আহমদ, খাঁ চৌধুরী আমানতউল্লা
Fuller form of name সংকলিত
942 ## - ADDED ENTRY ELEMENTS (KOHA)
Source of classification or shelving scheme Dewey Decimal Classification
Koha item type Books
Holdings
Lost status Source of classification or shelving scheme Damaged status Not for loan Collection code Permanent Location Current Location Shelving location Date acquired Source of acquisition Cost, normal purchase price Total Checkouts Full call number Date last seen Copy number Koha item type
  Dewey Decimal Classification     Non-fiction Central Library, University of Rajshahi Central Library, University of Rajshahi   16/09/1990 Uttorbango lib.,Rajshahi. 200.00   B 954.14 KOC V-1 1990 12/11/2016 C-2 Books
  Dewey Decimal Classification   Not For Loan Non-fiction Central Library, University of Rajshahi Central Library, University of Rajshahi Reading Room 16/09/1990 Uttorbanga Library : Rajshahi 200.00   B 954.14 KOC V-1 1990 08/12/2016 C-1 Books